000 00615nam a2200205 a 4500
003 OSt
005 20240223122615.0
008 180307t2016 pk | |||| 000 0 urd d
020 _a9695032695
040 _c0
082 _a297.63
_bAGH 2016
100 1 _aآغااشرف
_9121243
245 1 0 _aمعراج اورسائنس
_cAagha Ashraf
246 _aMeraj Aur Science
260 _aLahore:
_bAlfaseed Pub;
_c2016.
300 _a256 p.
650 _aSeerat
_b Muhammad
_9121244
942 _2ddc
_cBK
_aSADA
_k297.63 AGH 2016
999 _c608093
_d608093